Jugadores de LaLiga 25-26 - Estadísticas

Estadísticas generales
  • Esta prueba ha sido intentada 335 veces
    313 desde el último reinicio
  • La puntuación promedio es 241 de 493
Estadísticas de respuestas
Equipo Posición Jugador % Correcto
Real Sociedad DF Duje Caleta-Car
92%
Atlético de Madrid PT Jan Oblak
89%
Barcelona PT Joan García
88%
Atlético de Madrid DL Julián Álvarez
87%
Barcelona DL Lamine Yamal
85%
Barcelona DF Gerard Martín
84%
Real Madrid DL Gonzalo García
84%
Athletic Club DL Iñaki Williams
84%
Atlético de Madrid MC Koke
84%
Barcelona PT Marc-André ter Stegen
84%
Athletic Club DL Nico Williams
84%
Real Madrid DF Fran García
83%
Barcelona MC Pedri
83%
Barcelona DL Robert Lewandowski
83%
Athletic Club PT Unai Simón
83%
Real Madrid PT Andriy Lunin
82%
Barcelona DF Eric García
82%
Barcelona MC Fermín López
82%
Real Madrid PT Thibaut Courtois
82%
Atlético de Madrid DL Antoine Griezmann
81%
Barcelona DL Ferran Torres
81%
Barcelona MC Frenkie De Jong
81%
Espanyol DL Kike García
81%
Real Madrid DL Kylian Mbappé
81%
Atlético de Madrid DF Marcos Llorente
81%
Barcelona DF Pau Cubarsí
81%
Barcelona DF Ronald Araujo
81%
Real Madrid DL Vinicius Jr.
81%
Real Madrid DF Antonio Rüdiger
80%
Espanyol DL Jofre Carreras
80%
Real Madrid DF Álvaro Carreras
79%
Real Madrid DF Dani Carvajal
79%
Atlético de Madrid PT Juan Musso
79%
Barcelona DL Raphinha
79%
Barcelona DF Alejandro Balde
78%
Atlético de Madrid DL Alexander Sorloth
78%
Alavés PT Antonio Sivera
78%
Real Madrid DL Brahim Díaz
78%
Real Madrid MC Eduardo Camavinga
78%
Real Madrid MC Federico Valverde
78%
Barcelona MC Gavi
78%
Barcelona DF Jules Koundé
78%
Real Madrid DL Rodrygo Goes
78%
Sevilla MC Batista Mendy
77%
Celta de Vigo DL Borja Iglesias
77%
Real Madrid DF Ferland Mendy
77%
Rayo Vallecano DF Nobel Mendy
77%
Atlético de Madrid MC Pablo Barrios
77%
Atlético de Madrid DF Robin LeNormand
77%
Rayo Vallecano DL Álvaro García
76%
Real Madrid MC Aurélien Tchouaméni
76%
Atlético de Madrid DL Carlos Martín
76%
Atlético de Madrid DF José María Giménez
76%
Osasuna DL Rubén García
76%
Real Madrid DF Éder Militao
75%
Barcelona MC Marc Casadó
75%
Getafe MC Mario Martín
75%
Real Madrid DF Raúl Asencio
75%
Real Madrid MC Arda Guler
74%
Real Madrid MC Dani Ceballos
74%
Girona MC Iván Martín
74%
Real Sociedad DF Jon Martín
74%
Real Madrid MC Jude Bellingham
74%
Atlético de Madrid DF Nahuel Molina
74%
Osasuna DL Raúl García
74%
Real Madrid DF Dean Huijsen
73%
Real Betis DF Diego Llorente
73%
Celta de Vigo DL Hugo Álvarez
73%
Celta de Vigo DL Iago Aspas
73%
Barcelona MC Marc Bernal
73%
Real Betis DL Pablo García
73%
Levante DL Carlos Álvarez
72%
Barcelona MC Dani Olmo
72%
Athletic Club DF Dani Vivian
72%
Atlético de Madrid DL Giuliano Simeone
72%
Real Madrid DF Trent Alexander-Arnold
72%
Atlético de Madrid DL Álex Baena
71%
Real Betis MC Isco
71%
Atlético de Madrid DL Nico González
71%
Alavés DL Toni Martínez
71%
Levante DF Víctor García
71%
Barcelona PT Wojciech Szczesny
71%
Real Betis DL Antony
70%
Atlético de Madrid DF Clément Lenglet
70%
Real Madrid DF David Alaba
70%
Valencia DL Diego López
70%
Valencia DL Hugo Duro
70%
Barcelona DL Marcus Rashford
70%
Real Sociedad DL Mikel Oyarzabal
70%
Real Betis PT Pau López
70%
Athletic Club DF Aymeric Laporte
69%
Villarreal DL Gerard Moreno
69%
Barcelona DL Roony Bardghji
69%
Mallorca DL Vedat Muriqi
69%
Real Sociedad PT Álex Remiro
68%
Barcelona DF Andreas Christensen
68%
Athletic Club DL Gorka Guruzeta
68%
Rayo Vallecano DL Isi Palazón
68%
Athletic Club DF Yeray Álvarez
68%
Athletic Club DL Álex Berenguer
67%
Girona DF Arnau Martínez
67%
Rayo Vallecano PT Augusto Batalla
67%
Villarreal DL Ayoze Pérez
67%
Villarreal DL Nicolas Pépé
67%
Mallorca MC Pablo Torre
67%
Elche DL Rafa Mir
67%
Rayo Vallecano MC Unai López
67%
Athletic Club DF Yuri Berchiche
67%
Elche DL Álvaro Rodríguez
66%
Espanyol DF Carlos Romero
66%
Villarreal MC Dani Parejo
66%
Atlético de Madrid DF Dávid Hancko
66%
Getafe PT David Soria
66%
Elche PT Iñaki Peña
66%
Athletic Club MC Oihan Sancet
66%
Osasuna PT Sergio Herrera
66%
Sevilla DL Alexis Sánchez
65%
Getafe DL Borja Mayoral
65%
Girona | Mallorca DF David López
65%
Real Madrid DL Franco Mastantuono
65%
Sevilla DL Isaac Romero
65%
Getafe MC Luis Milla
65%
Girona PT Paulo Gazzaniga
65%
Espanyol DL Pere Milla
65%
Espanyol DL Roberto Fernández
65%
Athletic Club MC Unai Gómez
65%
Athletic Club DF Aitor Paredes
64%
Osasuna DL Ante Budimir
64%
Real Betis DL Cucho Hernández
64%
Getafe DF Dakonam Djené
64%
Mallorca MC Dani Rodríguez
64%
Celta de Vigo PT Ionut Radu
64%
Real Oviedo DF Javi López
64%
Celta de Vigo DF Javi Rodríguez
64%
Getafe DF Juan Iglesias
64%
Sevilla DF Juanlu Sánchez
64%
Real Betis DF Marc Bartra
64%
Atlético de Madrid DF Marc Pubill
64%
Levante MC Pablo Martínez
64%
Real Betis DL Abde
63%
Sevilla MC Peque Fernández
63%
Celta de Vigo MC Damián Rodríguez
62%
Real Madrid DL Endrick
62%
Athletic Club MC Iñigo Ruiz de Galarreta
62%
Levante DL Iván Romero
62%
Villarreal PT Luiz Júnior
62%
Celta de Vigo DF Óscar Mingueza
62%
Atlético de Madrid MC Johnny Cardoso
61%
Levante DF Manu Sánchez
61%
Alavés DL Mariano Díaz
61%
Espanyol PT Marko Dmitrovic
61%
Atlético de Madrid DF Matteo Ruggeri
61%
Athletic Club DL Robert Navarro
61%
Real Sociedad DF Sergio Gómez
61%
Real Sociedad MC Yangel Herrera
61%
Osasuna PT Aitor Fernández
60%
Alavés DL Carlos Vicente
60%
Atlético de Madrid DF Javi Galán
60%
Valencia DF José Gayá
60%
Valencia PT Julen Agirrezabala
60%
Levante DL Karl Etta Eyong
60%
Espanyol DF Leandro Cabrera
60%
Getafe MC Mauro Arambarri
60%
Athletic Club MC Mikel Jauregizar
60%
Osasuna DL Moi Gómez
60%
Alavés PT Raúl Fernández
60%
Real Betis DF Ricardo Rodríguez
60%
Real Betis DF Valentín Gómez
60%
Villarreal DL Alberto Moleiro
59%
Real Betis PT Álvaro Valles
59%
Alavés MC Antonio Blanco
59%
Rayo Vallecano DF Florian Lejeune
59%
Valencia MC Javi Guerra
59%
Mallorca PT Leo Román
59%
Villarreal DF Pau Navarro
59%
Espanyol DF Rubén Sánchez
59%
Girona DF Álex Moreno
58%
Mallorca MC Antonio Sánchez
58%
Sevilla DF Fábio Cardoso
58%
Celta de Vigo DF Manu Fernández
58%
Athletic Club PT Álex Padilla
57%
Sevilla PT Álvaro Fernández
57%
Atlético de Madrid MC Conor Gallagher
57%
Athletic Club DF Jesús Areso
57%
Girona PT Juan Carlos
57%
Celta de Vigo DF Marcos Alonso
57%
Rayo Vallecano MC Pedro Díaz
57%
Sevilla DF Ramón Martínez
57%
Real Sociedad DL Ander Barrenetxea
56%
Rayo Vallecano DL Fran Pérez
56%
Real Betis DF Héctor Bellerín
56%
Athletic Club DL Maroan Sannadi
56%
Villarreal DF Rafa Marín
56%
Osasuna DL Víctor Muñoz
56%
Real Oviedo DF David Carmo
55%
Alavés DF Nahuel Tenaglia
55%
Villarreal DF Renato Veiga
55%
Real Betis DL Cédric Bakambu
54%
Real Betis MC Giovani Lo Celso
54%
Athletic Club DF Iñigo Lekue
54%
Sevilla PT Odysseas Vlachodimos
54%
Mallorca DF Pablo Maffeo
54%
Real Oviedo MC Santi Cazorla
54%
Villarreal MC Santi Comesaña
54%
Real Oviedo PT Aarón Escandell
53%
Sevilla DL Alfon González
53%
Rayo Vallecano DF Andrei Ratiu
53%
Villarreal PT Arnau Tenas
53%
Levante DL Carlos Espí
53%
Getafe DL Coba da Costa
53%
Real Sociedad DF Igor Zubeldia
53%
Espanyol MC Javi Hernández
53%
Levante DF Matías Moreno
53%
Real Betis DF Natan
53%
Real Betis MC Pablo Fornals
53%
Villarreal MC Pape Gueye
53%
Mallorca MC Samú Costa
53%
Real Sociedad DL Takefusa Kubo
53%
Elche DL André Silva
52%
Mallorca DF Antonio Raíllo
52%
Villarreal PT Diego Conde
52%
Villarreal DF Sergi Cardona
52%
Valencia PT Stole Dimitrievski
52%
Atlético de Madrid DL Thiago Almada
52%
Osasuna DF Alejandro Catena
51%
Elche DF Álvaro Núñez
51%
Celta de Vigo DF Carl Starfelt
51%
Girona DL Cristhian Stuani
51%
Osasuna DF Enzo Boyomo
51%
Elche DF Héctor Fort
51%
Mallorca DF Johan Mojica
51%
Rayo Vallecano DL Jorge de Frutos
51%
Real Betis MC Marc Roca
51%
Sevilla PT Orjan Nyland
51%
Girona DL Viktor Tsygankov
51%
Athletic Club DF Adama Boiro
50%
Villarreal DF Adrià Altimira
50%
Real Sociedad DF Aihen Muñoz
50%
Osasuna MC Aimar Oroz
50%
Athletic Club DF Andoni Gorosabel
50%
Girona DF Daley Blind
50%
Celta de Vigo MC Fran Beltrán
50%
Real Sociedad DL Gonçalo Guedes
50%
Celta de Vigo MC Ilaix Moriba
50%
Valencia DF José Copete
50%
Villarreal DF Juan Foyth
50%
Real Sociedad MC Pablo Marín
50%
Rayo Vallecano MC Pathé Ciss
50%
Rayo Vallecano DF Pep Chavarría
50%
Valencia MC Pepelu
50%
Real Betis MC Sergi Altimira
50%
Real Betis DL Aitor Ruibal
49%
Real Sociedad MC Brais Méndez
49%
Valencia DF César Tárrega
49%
Villarreal DL Georges Mikautadze
49%
Getafe MC Javi Muñoz
49%
Alavés MC Jon Guridi
49%
Sevilla DF José Ángel Carmona
49%
Levante PT Mathew Ryan
49%
Elche PT Matías Dituro
49%
Mallorca MC Sergi Darder
49%
Celta de Vigo DL Ferran Jutglà
48%
Villarreal DF Logan Costa
48%
Sevilla DL Rubén Vargas
48%
Rayo Vallecano DL Sergio Camello
48%
Valencia DF Thierry Correia
48%
Real Betis PT Adrián
47%
Elche MC Aleix Febas
47%
Villarreal DF Alfonso Pedraza
47%
Girona DL Bryan Gil
47%
Real Sociedad MC Carlos Soler
47%
Elche DF David Affengruber
47%
Getafe DF Domingos Duarte
47%
Espanyol MC Edu Expósito
47%
Real Oviedo DL Haissem Hassan
47%
Osasuna MC Iker Muñoz
47%
Espanyol DL Javi Puado
47%
Girona DL Joel Roca
47%
Sevilla DF Kike Salas
47%
Alavés DL Lucas Boyé
47%
Mallorca DF Martin Valjent
47%
Real Sociedad DL Orri Óskarsson
47%
Villarreal DF Santiago Mouriño
47%
Celta de Vigo DF Sergio Carreira
47%
Espanyol DL Tyrhys Dolan
47%
Girona DL Abel Ruiz
46%
Celta de Vigo DL Bryan Zaragoza
46%
Real Sociedad DF Jon Aramburu
46%
Sevilla DF Marcão
46%
Real Oviedo DL Salomón Rondón
46%
Villarreal DL Tajon Buchanan
46%
Girona DL Vladyslav Vanat
46%
Espanyol DL Antoniu Roca
45%
Alavés MC Carles Aleñá
45%
Real Betis DL Chimy Ávila
45%
Mallorca DL Jan Virgili
45%
Celta de Vigo MC Miguel Román
45%
Real Betis DL Rodrigo Riquelme
45%
Valencia DF Dimitri Foulquier
44%
Sevilla MC Djibril Sow
44%
Girona PT Dominik Livakovic
44%
Valencia MC Lucas Beltrán
44%
Sevilla MC Lucien Agoumé
44%
Espanyol DF Omar El Hilali
44%
Real Sociedad DL Umar Sadiq
44%
Girona MC Axel Witsel
43%
Alavés MC Denis Suárez
43%
Atlético de Madrid MC Giacomo Raspadori
43%
Osasuna MC Jon Moncayola
43%
Alavés DF Jonny Otto
43%
Alavés DF Jon Pacheco
43%
Athletic Club MC Mikel Vesga
43%
Valencia DF Mouctar Diakhaby
43%
Elche DF Pedro Bigas
43%
Celta de Vigo DL Williot Swedberg
43%
Sevilla DL Akor Adams
42%
Getafe DF Diego Rico
42%
Rayo Vallecano DF Iván Balliu
42%
Valencia DF Jesús Vázquez
41%
Valencia DL Luis Rioja
41%
Getafe DL Adrián Liso
40%
Rayo Vallecano PT Dani Cárdenas
40%
Real Oviedo DL Federico Viñas
40%
Espanyol DF Fernando Calero
40%
Elche DL Germán Valera
40%
Celta de Vigo MC Hugo Sotelo
40%
Osasuna MC Lucas Torró
40%
Rayo Vallecano MC Óscar Valentín
40%
Elche MC Rodrigo Mendoza
40%
Real Sociedad PT Unai Marrero
40%
Mallorca DL Abdón Prats
39%
Real Betis DF Junior Firpo
39%
Rayo Vallecano DF Alfonso Espino
38%
Getafe DF Allan Nyom
38%
Sevilla DF César Azpilicueta
38%
Celta de Vigo PT Iván Villar
38%
Rayo Vallecano DF Abdul Mumin
37%
Rayo Vallecano DL Alemão
37%
Valencia DL Arnaut Danjuma
37%
Mallorca MC Manu Morlanes
37%
Real Betis MC Sofyan Amrabat
37%
Sevilla DL Chidera Ejuke
36%
Celta de Vigo DF Javi Rueda
36%
Celta de Vigo DF Joseph Aidoo
36%
Getafe DF Kiko Femenía
36%
Valencia DL Largie Ramazani
36%
Espanyol MC Pol Lozano
36%
Girona MC Thomas Lemar
36%
Villarreal MC Thomas Partey
36%
Girona DF Vitor Reis
36%
Levante DF Adrián Dela
35%
Real Sociedad DF Aritz Elustondo
35%
Real Sociedad MC Beñat Turrientes
35%
Mallorca DL Takuma Asano
35%
Villarreal DL Tani Oluwaseyi
35%
Girona MC Azzedine Ounahi
34%
Real Oviedo DL Ilyas Chaira
34%
Real Betis MC Nelson Deossa
34%
Athletic Club DL Urko Izeta
34%
Getafe DF Abdel Abqar
33%
Elche DF Adrià Pedrosa
33%
Real Oviedo MC Alberto Reina
33%
Real Sociedad DF Álvaro Odriozola
33%
Valencia MC Baptiste Santamaría
33%
Athletic Club MC Beñat Prados
33%
Sevilla DF Gabriel Suazo
33%
Villarreal DL Ilias Akhomach
33%
Real Sociedad MC Jon Gorrotxategi
33%
Rayo Vallecano DF Luiz Felipe
33%
Sevilla MC Nemanja Gudelj
33%
Alavés MC Pablo Ibáñez
33%
Celta de Vigo DF Carlos Domínguez
32%
Getafe DF Davinchi
32%
Levante DL José Luis Morales
32%
Osasuna DF Valentin Rosier
32%
Athletic Club MC Alejandro Rego
31%
Valencia MC André Almeida
31%
Valencia DL Dani Raba
31%
Valencia DF Eray Cömert
31%
Real Oviedo DF Eric Bailly
31%
Osasuna DF Juan Cruz
31%
Mallorca DL Mateo Joseph
31%
Levante MC Oriol Rey
31%
Celta de Vigo DL Pablo Durán
31%
Espanyol DF Clemens Riedel
30%
Osasuna DF Jorge Herrando
30%
Real Oviedo DF Nacho Vidal
30%
Rayo Vallecano MC Randy Nteka
30%
Sevilla DF Tanguy Nianzou
30%
Girona DL Yáser Asprilla
30%
Real Oviedo DF David Costas
29%
Getafe PT Jiri Letacek
29%
Real Sociedad MC Luka Sucic
29%
Villarreal DL Manor Solomon
29%
Athletic Club DL Nico Serrano
29%
Mallorca DF Toni Lato
29%
Levante MC Unai Vencedor
29%
Alavés DL Abde Rebbach
28%
Levante DF Jeremy Toljan
28%
Levante MC Jon Ander Olasagasti
28%
Real Oviedo MC Leander Dendoncker
28%
Celta de Vigo PT Marc Vidal
28%
Mallorca MC Omar Mascarell
28%
Osasuna DF Abel Bretones
27%
Mallorca DF Marash Kumbulla
27%
Mallorca DF Mateu Morey
27%
Girona DL Portu
27%
Espanyol MC Ramón Terrats
27%
Alavés DF Victor Parada
27%
Celta de Vigo DF Yoel Lago
27%
Getafe MC Yvan Neyou
27%
Sevilla DL Adnan Januzaj
26%
Mallorca PT Iván Cuéllar
26%
Sevilla MC Joan Jordán
26%
Real Oviedo MC Kwasi Sibo
26%
Elche MC Marc Aguado
26%
Rayo Vallecano MC Óscar Trejo
26%
Real Oviedo MC Santiago Colombatto
26%
Elche DF Víctor Chust
26%
Alavés DF Youssef Enríquez
26%
Girona DF Alejandro Francés
25%
Real Betis DF Ángel Ortiz
25%
Valencia MC Filip Ugrinic
25%
Rayo Vallecano MC Gerard Gumbau
25%
Girona DF Hugo Rincón
25%
Mallorca DL Marc Domènech
25%
Osasuna DL Sheraldo Becker
25%
Villarreal DF Willy Kambwala
25%
Valencia PT Cristian Rivero
24%
Girona MC Jhon Solís
24%
Alavés MC Calebe
23%
Alavés DF Moussa Diarra
23%
Getafe DL Álex Sancris
22%
Sevilla DF Andrés Castrín
22%
Real Sociedad MC Arsen Zakharyan
22%
Getafe DL Juanmi
22%
Levante MC Kervin Arriaga
22%
Levante DF Unai Elgezabal
22%
Celta de Vigo DL Jones El-Abdellaoui
21%
Levante PT Pablo Campos
21%
Espanyol MC Charles Pickel
20%
Real Oviedo DF Dani Calvo
20%
Elche MC Martim Neto
20%
Athletic Club DF Unai Egiluz
20%
Celta de Vigo DL Franco Cervi
19%
Osasuna DL Kike Barja
19%
Mallorca PT Lucas Bergström
19%
Espanyol DF Miguel Rubio
19%
Celta de Vigo DF Mihailo Ristic
19%
Real Oviedo DF Rahim Alhassane
19%
Espanyol MC Urko González de Zárate
19%
Girona MC Donny Van de Beek
18%
Elche DL Grady Diangana
18%
Real Oviedo PT Horatiu Moldovan
18%
Real Sociedad DL Jon Karrikaburu
18%
Sevilla MC Manu Bueno
18%
Levante DL Roger Brugué
17%
Getafe DL Abu Kamara
16%
Levante DF Alan Matturo
16%
Elche PT Alejandro Iturbe
16%
Espanyol PT Ángel Fortuño
16%
Alavés MC Carlos Protesoni
16%
Elche DF Léo Pétrot
16%
Villarreal DL Pau Cabanes
16%
Mallorca DL Javi Llabrés
15%
Real Oviedo DL Josip Brekalo
15%
Elche MC Federico Redondo
14%
Elche DL Josan
14%
Espanyol DF José Salinas
14%
Rayo Vallecano DF Jozhua Vertrouwd
14%
Real Oviedo DF Lucas Ahijado
14%
Real Oviedo DL Álex Forés
13%
Osasuna DL Iker Benito
12%
Levante DL Iker Losada
12%
Elche DF John Donald
12%
Espanyol DL Luca Koleosho
12%
Real Oviedo MC Luka Ilic
12%
Levante DL Goduine Koyalipou
11%
Levante DF Diego Pampín
10%
Getafe DF Ismael Bekhoucha
10%
Real Sociedad MC Mikel Goti
10%
Girona PT Vladyslav Krapyvtsov
10%
Elche DF Bambo Diaby
9%
Elche DL Yago Santiago
9%
Elche MC Adam Boayar
8%
Alavés DF Nikola Maras
8%
Real Oviedo DF Oier Luengo
8%
Elche MC Ali Houary
7%
Real Oviedo DL Ovie Ejaria
7%
Levante DF Jorge Cabello
6%
Real Oviedo MC Brandon Dominguès
5%
Real Oviedo DF Álvaro Lemos
3%
No se encontraron pruebas coincidentes
Distribución de puntuación
Porcentaje de gente con cada puntuación
Porcentaje por número respondido
Historial de tus puntuaciones
No has intentado esta prueba desde el último reinicio